Measurement and Statistics for Teachers

Na minha lista:
Detalhes bibliográficos
Autor principal: Blerkom, Malcolm L. Van (Author)
Formato: Livro
Idioma:inglês
Publicado em: New York : Routledge, 2009
Tags: Adicionar Tag
Sem tags, seja o primeiro a adicionar uma tag!

MARC

LEADER 00000nam a22000003a 4500
001 stu219458
005 20150617230116.5
008 101215s2009----xxu-----------------eng-d
020 |a 978-0-805-86457-1 
040 |a STU  |b slo 
041 0 |a eng 
044 |a xxu 
100 1 |a Blerkom, Malcolm L. Van  |4 aut 
245 1 |a Measurement and Statistics for Teachers 
260 |a New York :  |b Routledge,  |c 2009 
300 |a 287 s 
996 |b 284M078997  |c M*12877-1  |l MMST  |s A  |a 24  |w stu219458_0001